| 000 | 01471cam a22003131i 4500 | ||
|---|---|---|---|
| 003 | SA-RiAUC | ||
| 005 | 20240921143933.0 | ||
| 008 | 240919s1992 le g 00000dara c | ||
| 040 |
_aSA-RiKSU _bara _cSA-RiAUC _erda |
||
| 050 | 4 | _bA5765 1992 | |
| 050 | 1 | 4 | _bA5788 1992 |
| 050 | 0 | 0 | _bA5788 1992 |
| 082 | 0 | 4 | _a810.052 |
| 090 |
_a810.052 _bان ص |
||
| 100 | 1 |
_aالأنصاري، محمد جابر، _d1939- _eمؤلف. |
|
| 245 | 1 | 2 |
_aالتفاعل الثقافي بين المغرب والمشرق في آثار ابن سعيد المغربي ورحلاته المشرقية وتحولات عصره / _cتأليف محمد جابر الأنصاري. |
| 250 | _aالطبعة الأولى. | ||
| 264 | 1 |
_aبيروت : _bدار الغرب الإسلامي، _c1992 |
|
| 300 |
_a308 صفحة ؛ _c22 سم |
||
| 336 |
_aنص _btxt _2rdacontent _3كتاب |
||
| 337 |
_aبدون وسيط _bn _2rdamedia |
||
| 338 |
_aمجلد _bnc _2rdacarrier |
||
| 600 | 1 | 7 |
_aابن سعيد المغربي، علي بن موسى بن محمد، _d610-685 هجري _xنقد وتفسير _2aucnm |
| 650 | 7 |
_aالرحلات في الأدب العربي _2aucsh |
|
| 650 | 7 |
_aالأدب العربي _zالأندلس _xتاريخ ونقد _yالموحدون، 1130-1269 _2aucsh |
|
| 650 | 7 |
_aالأدب العربي _zالأندلس _yالموحدون، 1130-1269 _2aucsh |
|
| 942 |
_2ddc _cBOOK _n0 |
||
| 949 |
_aSA-JeALM _d240919 _umohamedma123 _n1 |
||
| 999 |
_c458 _d458 |
||